000 02658nam0a2200373 4500
001 RU\NLR\BIBL_A\022172912
005 20240724175152.0
010 _a978-5-91883-521-0
_9100
021 _aRU
_bКН-П-24-008582
_9КН-П-24-0887
035 _a(NLR Aleph) 022172912
090 _a12957804
_c12957804
100 _a20240320d2023 k y0rusy50 ca
101 0 _arus
_deng
102 _aRU
105 _aah z 100yy
181 0 _ai3
_baxxe
182 0 _an
200 1 _aМузеи сегодня: от традиционных практик к инновационным подходам
_eнаучно-практическая конференция "Фелицынские чтения -XXV", Краснодар, 24-25 октября 2023 г.
_eматериалы
_fМинистерство культуры Краснодарского края, Государственное бюджетное учреждение культуры Краснодарского края "Краснодарский государственный историко-археологический музей-заповедник им. Е. Д. Фелицына"
_gредколлегия: Абрамова А. Н., кандидат исторических наук [и др.]
203 _aТекст
_bвизуальный
_cнепосредственный
210 _aКраснодар
_cТрадиция
_d2023
215 _a571 c.
_cил., факс.
_d22
300 _aРез. на англ. яз.
320 _aБиблиогр. в конце ст.
606 1 _aМузейное дело
_jСъезды, совещания и т.п.
_yРоссийская Федерация
_yЮг
_92510434
_3RU\NLR\AUTH\6601703322
686 1 _aЧ774(2Р37)я434
702 1 _4340
_aАбрамова
_bА. Н.
_cканд. ист. наук, музеевед
_gАлександра Николаевна
_9269473
_3RU\NLR\AUTH\770269529
702 1 _4280
_7ca
_8rus
_aФелицын
_bЕ. Д.
_f1848-1903
_gЕвгений Дмитриевич
_941672
_3RU\NLR\AUTH\7758740
711 1 2 _a"Фелицынские чтения", научно-практическая конференция
_d25
_eКраснодар
_f2023
_9878749
_3RU\NLR\AUTH\880606898
712 0 2 _4557
_aКраснодарский государственный историко-археологический музей-заповедник им. Е. Д. Фелицына
_9859365
_3RU\NLR\AUTH\8810181370
942 _cBOOK
980 _aNB